000 00298nam a22001337a 4500
008 170322b xxu||||| |||| 00| 0 eng d
020 _a9780781702973
041 _aeng
080 _a616.9
100 _a7
101 _aSHM
245 _aVIRAL PATHOGENESIS
_cNATHANSON, N
942 _2udc
_cBK
999 _c8413
_d8413